| 000 | 01237mam a2200349 a 4500 | ||
|---|---|---|---|
| 001 | 906085 | ||
| 003 | ARRUPE | ||
| 005 | 20160323112731.0 | ||
| 008 | 891019s1989 rh a b 000 0 eng d | ||
| 020 | _a090830708X | ||
| 035 | _a(OCoLC)28892220 | ||
| 035 | _a(OCoLC)ocm28892220 | ||
| 035 | _a(CStRLIN)NYCG89-B69607 | ||
| 035 | _a(NNC)906085 | ||
| 040 |
_aEEM _cEEM _dAGL |
||
| 043 | _af-rh--- | ||
| 050 | _aHC910.S20 1909 | ||
| 245 | 0 | 4 |
_aThe Save study : _brelationships between the environment and basic needs satisfaction in the Save catchment, Zimbabwe / _cedited by B.M. Campbell, R.F. Du Toit and C.A.M. Attwell. |
| 260 |
_aHarare : _bUniverstity of Zimbabwe, _c1989. |
||
| 300 |
_a119 p.; _bill. ; _c22 cm. |
||
| 500 | _aSupplement to Zambezia, 1988. | ||
| 504 | _aIncludes bibliographical references (p. 111-119). | ||
| 650 | 0 |
_aEnvironmental degradation _zZimbabwe _923166 |
|
| 650 | 0 |
_aBasic needs _zZimbabwe _923167 |
|
| 651 | 0 |
_aZimbabwe _xEconomic conditions. _y1980- _915169 |
|
| 700 | 1 |
_aCambpell, B. M. _q(Bruce M.) _923168 _eed. |
|
| 700 | 1 |
_aDu Toit, R. F. _923169 _eed. |
|
| 700 | 1 |
_aAttwell, C. A. M. _923170 _eed. |
|
| 730 | 0 |
_aSupplement to Zambezia. _923171 |
|
| 942 |
_2lcc _cMONOGRAPH |
||
| 999 |
_c124429 _d124429 |
||